Microsoft office 2010 : (Record no. 7117)

MARC details
000 -LEADER
fixed length control field 00582cam a2200229ua 4500
001 - CONTROL NUMBER
control field 8004
005 - DATE AND TIME OF LATEST TRANSACTION
control field 20260515114259.0
008 - FIXED-LENGTH DATA ELEMENTS--GENERAL INFORMATION
fixed length control field 150103n ii |||gr||||Z||||||eng
020 ## - INTERNATIONAL STANDARD BOOK NUMBER
International Standard Book Number 9788120342163
040 ## - CATALOGING SOURCE
Transcribing agency MAIN
041 ## - LANGUAGE CODE
Language code of text/sound track or separate title eng
082 ## - DEWEY DECIMAL CLASSIFICATION NUMBER
Classification number 005.4
100 ## - MAIN ENTRY--PERSONAL NAME
Personal name Bott, E.,
Relator term Author.
245 1# - TITLE STATEMENT
Title Microsoft office 2010 :
Remainder of title Inside out /
Statement of responsibility, etc. By Ed Bott .
250 ## - EDITION STATEMENT
Edition statement 1st.
260 ## - PUBLICATION, DISTRIBUTION, ETC.
Place of publication, distribution, etc. New delhi:
Name of publisher, distributor, etc. PHI,
Date of publication, distribution, etc. 2011.
300 ## - PHYSICAL DESCRIPTION
Extent xxiv,934p.
653 ## - INDEX TERM--UNCONTROLLED
Uncontrolled term Computer programming, programs & data
653 ## - INDEX TERM--UNCONTROLLED
Uncontrolled term Microsoft office
700 ## - ADDED ENTRY--PERSONAL NAME
Personal name Siechert, C.,
Relator term Author.
942 ## - ADDED ENTRY ELEMENTS (KOHA)
Koha item type Books
Holdings
Withdrawn status Lost status Damaged status Not for loan Home library Current library Shelving location Date acquired Total checkouts Full call number Barcode Date last seen Date last checked out Copy number Price effective from Koha item type
        Naharkatiya College Library Naharkatiya College Library General stacks 09/19/2020 1 005.4 | BOT 22719 11/23/2022 11/11/2022 1 09/19/2020 Books